00825nam a2200253 a 450000500170000000800410001701000140005802000260007203500130009803700150011104000180012608200170014424500970016126000470025827000730030530000270037850000330040550000190043865000250045765000300048270000160051270000170052870000260054520090821151833.0080927s2008 ii bs 001 0 eng  aENG-94805 a9788177081879c490.00 aEN-78338 bDBAD / PUB adplbEnglish  a307.14120954 aMicro finance and rural development in India /cedited by S.K. Das, B.P. Nanda (and) J. Rath aNew Delhi bNew Century Publicationsc2008 a4800/24, Bharat Ram Road, Ansari Road, DaryaganjbNew Delhi e110002 axii, 163p. c23cm(Hb)  aIncludes statistical tables. aIncludes index aMicrofinancezIndia. aRural developmentzIndia. aDas, S. K., aNanda, B. P. aRath, Jayadeb,d1958-